[Event "Sideways Pawns: Testing Sideways Pawns"]
[Site "SchemingMind.com"]
[Date "2022.07.09"]
[Round "-"]
[White "DANDYLIONHONEYBADGER"]
[Black "David Perna-Fraser"]
[Result "0-1"]
[WhiteCountry "USA"]
[BlackCountry "CAN"]
[WhiteElo "1206"]
[WhiteRD "127"]
[BlackElo "1705"]
[BlackRD "122"]
[GameID "725051"]

1. a3 d5 2. b3 e5 3. h3 Nc6 4. c3 Nf6 5. f3 Be7 6. d3 h6 7. g4 g5 8. Bd2 Be6 9. Bg2 a5 10. e4 dxe4
11. fxe4 Qd7 12. Be3 b6 13. b3 O-O 14. Bf3 Na7 15. c4 Nc6 16. c3 Rad8 17. Nd2 Kg7 18. Qe2 Bc5 19. Bxc5 bxc5 20. h4 Bxg4
21. hxg5 hxg5 22. O-O-O Bxf3 23. Ngxf3 g4 24. Nxe5 Nxe5 25. Qh2 Rh8 26. Qxe5 Rxh1 27. Qg5+ Kf8 28. Rxh1 Qxd2+ 29. Qxd2 Rxd2 30. Kxd2 Nxe4+
31. Ke3 Nxc3 32. Rh8+ Kg7 33. Rc8 g3 34. Kf3 Ne4 35. Kxe4 g2 36. Rxc7 g1=Q 37. Kd5 Qd4+ 38. Kc6 Kf6 39. Kb5 Kg6 40. Rxc5 f5
41. Rd5 Qc3 42. Rd6+ Kg5 43. Rd5 Qxc2 44. Kxa5 Qxb3 45. Rc5 Qc3+ 46. b4 Qe3 47. Kb6 Kg4 48. b5 f4 49. a5 f3 50. a6 f2
51. a7 f1=Q 52. a8=Q Qb1+ 53. Kc6 Qbe4+ 54. Rd5 Qxd5+ 55. Kxd5 Qf3+ 56. Ke5 Qxa8
0-1

[Event "Sideways Pawns: Testing Sideways Pawns"]
[Site "SchemingMind.com"]
[Date "2022.07.08"]
[Round "-"]
[White "DANDYLIONHONEYBADGER"]
[Black "Thomas Jacob Kelly"]
[Result "0-1"]
[WhiteCountry "USA"]
[BlackCountry "USA"]
[WhiteElo "1204"]
[WhiteRD "155"]
[BlackElo "1710"]
[BlackRD "134"]
[GameID "725052"]

1. h3 e5 2. g3 d5 3. a3 Nc6 4. c3 Nf6 5. f3 Bc5 6. e3 d4 7. cxd4 exd4 8. d3 Be6 9. e4 Qe7 10. Ne2 O-O-O
11. Bd2 h6 12. Nf4 Kb8 13. b4 Nxb4 14. axb4 Bxb4 15. Ra4 Bc5 16. Nxe6 Qxe6 17. Rc4 Bb6 18. g4 Rhe8 19. Bh3 g5 20. h4 Qd5
21. O-O Qe5 22. g3 Rg8 23. hxg5 hxg5 24. Qa4 Nxe4 25. dxe4 Qxe4 26. Bg2 Qh7 27. Na3 Rh8 28. Bxg5 Qh2#
0-1

[Event "Sideways Pawns: Testing Sideways Pawns"]
[Site "SchemingMind.com"]
[Date "2022.07.08"]
[Round "-"]
[White "Thomas Jacob Kelly"]
[Black "DANDYLIONHONEYBADGER"]
[Result "1-0"]
[WhiteCountry "USA"]
[BlackCountry "USA"]
[WhiteElo "1813"]
[WhiteRD "152"]
[BlackElo "1331"]
[BlackRD "215"]
[GameID "725053"]

1. f4 h6 2. Nf3 f6 3. Nh4 g6 4. Nxg6 Rh6 5. f5 e6 6. e4 Ne7 7. d4 Rh7 8. Bd3 Nxg6 9. fxg6 Rh8 10. h6 Qe7
11. e5 gxh6 12. Qh5+ Kd8 13. Rf1 c6 14. exf6 Qe8 15. Bg6
1-0

[Event "Sideways Pawns: Testing Sideways Pawns"]
[Site "SchemingMind.com"]
[Date "2022.07.08"]
[Round "-"]
[White "surfnsuds"]
[Black "Ilang"]
[Result "0-1"]
[WhiteCountry "USA"]
[BlackCountry "HUN"]
[WhiteElo "1009"]
[WhiteRD "146"]
[BlackElo "1578"]
[BlackRD "158"]
[GameID "725139"]

1. d4 d5 2. c4 dxc4 3. e3 b4 4. Qa4+ Qd7 5. Qxb4 e5 6. Bb5 c6 7. Bc4 d5 8. Qc3 dxc4 9. Qxc4 Nf6 10. Nf3 Na6
11. O-O d6 12. Bd2 e6 13. Ne5 Qc7 14. Qxc7 Nxc7 15. Nc3 Bb4 16. a3 Bxc3 17. Bxc3 Nd7 18. Ba5 b6 19. Bb4 Nd5 20. c4 Nxb4
21. axb4 Nxe5 22. d4 Nd3 23. c2 Nxb4 24. c3 Nc6 25. Rfd1 Na5 26. Rdb1 O-O 27. c4 Nxc4 28. Ra2 a5 29. d3 Nd6 30. Rxb6 Nf5
31. e4 Nd4 32. Rd6 e5 33. Rd5 Be6 34. Raxa5 Bxd5 35. Rxd5 Ra1#
0-1

[Event "Sideways Pawns: Testing Sideways Pawns"]
[Site "SchemingMind.com"]
[Date "2022.07.08"]
[Round "-"]
[White "Ilang"]
[Black "surfnsuds"]
[Result "1-0"]
[WhiteCountry "HUN"]
[BlackCountry "USA"]
[WhiteElo "1863"]
[WhiteRD "184"]
[BlackElo "1036"]
[BlackRD "152"]
[GameID "725140"]

1. d4 d5 2. e3 c6 3. Nf3 g6 4. Nc3 Bg4 5. Be2 Bxf3 6. Bxf3 Nf6 7. O-O Nbd7 8. b3 b6 9. Bb2 e6 10. e4 b5
11. exd5 cxd5 12. Nxb5 Qb6 13. a4 Bd6 14. Nxd6+ Qxd6 15. Ba3 Qb6 16. Qd2 Rc8 17. Rfe1 Rc6 18. Rab1 Ne4 19. Bxe4 f5 20. Bxd5 Rc7
21. Qg5 f6 22. Qg7 Rf8 23. Qe7#
1-0

[Event "Sideways Pawns: Testing Sideways Pawns"]
[Site "SchemingMind.com"]
[Date "2022.07.08"]
[Round "-"]
[White "JPT"]
[Black "Ilang"]
[Result "1-0"]
[WhiteCountry "INT"]
[BlackCountry "HUN"]
[WhiteElo "1543"]
[WhiteRD "159"]
[BlackElo "1578"]
[BlackRD "158"]
[GameID "725141"]

1. e4 e5 2. Nf3 d6 3. Bc4 Be6 4. Bxe6 fxe6 5. d4 exd4 6. Qxd4 Nc6 7. Qd1 Nf6 8. Nc3 Be7 9. O-O O-O 10. f4 Nh5
11. g4 Nf6 12. g5 Nd7 13. h4 Nde5 14. Nxe5 Nxe5 15. f4 Nd7 16. Qg4 f6 17. Nd5 g6 18. Qe6+ Rf7 19. Re1 Nf8 20. Nxe7+ Qxe7
21. Qxe7 Rxe7 22. Rxe7 d7 23. Re1 Rc8 24. c3 e6 25. Be3 a6 26. Rad1 Rc6 27. Bd4 f7 28. Bf6 d5 29. g4 Nd7 30. Bd4 Rc8
31. Re2 b5 32. Rh2 Nf8 33. h5 gxh5 34. gxh5 Rc4 35. Rdd2 c5 36. b3 cxd4 37. bxc4 dxc3 38. Rd3 dxc4 39. Rxc3 Kg7 40. Rxc4 f6
41. Rc7+ Kg8 42. Rg2 f5 43. e4 f4 44. f5+ Kh8 45. Rcg7 Ng6 46. f6 f3 47. Rc2 f2+ 48. Kxf2 Ne7 49. Rc7 d6 50. Rcxe7 b6
51. Re8#
1-0

[Event "Sideways Pawns: Testing Sideways Pawns"]
[Site "SchemingMind.com"]
[Date "2022.07.08"]
[Round "-"]
[White "Ilang"]
[Black "JPT"]
[Result "0-1"]
[WhiteCountry "HUN"]
[BlackCountry "INT"]
[WhiteElo "1578"]
[WhiteRD "158"]
[BlackElo "1543"]
[BlackRD "159"]
[GameID "725142"]

1. d4 b6 2. Nf3 Bb7 3. c4 g6 4. Nc3 Bg7 5. d5 d6 6. e4 Nd7 7. Be2 Ngf6 8. Bd3 O-O 9. O-O Nc5 10. Bc2 Qc8
11. e5 dxe5 12. Nxe5 Nxd5 13. cxd5 Bxe5 14. Bh6 Bg7 15. Bxg7 Kxg7 16. Re1 e6 17. b4 Na6 18. Qd4+ Kg8 19. Ne4 g7 20. Ng5 Bxd5
21. b5 Nc5 22. Qh4 h6 23. Ne4 Nxe4 24. Bxe4 Bxe4 25. Qxe4 d7 26. Rec1 Qd8 27. a4 d5 28. Qd4 c5 29. Qc4 Qf6 30. Rf1 Rad8
31. Qe4 d5 32. Qd3 Rc8 33. e2 Qe7 34. Rfc1 Qf6 35. Rf1 Qc3 36. Qxc3 Rxc3 37. a5 bxa5 38. Rxa5 b7 39. Rfa1 Rfc8 40. Ra8 Rc1+
41. Rxc1 Rxa8 42. Rc7 a7 43. Rb7 a5 44. bxa6 Rxa6 45. Kf2 Ra3 46. Rb4 c5 47. Rc4 b5 48. Rb4 a5 49. Rb8+ Kh7 50. Ra8 a4
51. Ra7 Kg6 52. Ra5 Ra1 53. h3 a3 54. g3 a2 55. Ke3 b2 56. Rb5 b1=Q 57. Rxb1 Rxb1 58. f3 d6 59. Kd2 c6 60. Kc2 Ra1
61. g4 Kg5 62. Kc3 Kf4 63. Kd3 c5
0-1

[Event "Sideways Pawns: Testing Sideways Pawns"]
[Site "SchemingMind.com"]
[Date "2022.07.11"]
[Round "-"]
[White "Ilang"]
[Black "Abstract Actuary"]
[Result "1-0"]
[WhiteCountry "HUN"]
[BlackCountry "USA"]
[WhiteElo "1863"]
[WhiteRD "184"]
[BlackElo "1504"]
[BlackRD "190"]
[GameID "725143"]

1. d4 e6 2. e3 d5 3. Nf3 c5 4. dxc5 Bxc5 5. Nc3 Nc6 6. Bb5 Bd7 7. O-O a6 8. Bxc6 bxc6 9. Ne5 Qg5 10. Nxd7 Kxd7
11. e4 Qg6 12. exd5 exd5 13. Nxd5 Rd8 14. Nf4+ Qd6 15. Nd3 Bb6 16. Bf4 Qf8 17. Qf3 Nf6 18. Ne5+ Ke6 19. Rfe1 Ba5 20. c3
1-0

[Event "Sideways Pawns: Testing Sideways Pawns"]
[Site "SchemingMind.com"]
[Date "2022.07.11"]
[Round "-"]
[White "Abstract Actuary"]
[Black "Ilang"]
[Result "1-0"]
[WhiteCountry "USA"]
[BlackCountry "HUN"]
[WhiteElo "1520"]
[WhiteRD "149"]
[BlackElo "1578"]
[BlackRD "158"]
[GameID "725144"]

1. e4 e6 2. d4 Nc6 3. d5 exd5 4. exd5 Nb4 5. a3 e7 6. axb4 e6 7. c4 exd5 8. cxd5 Bc5 9. Bb5+ Bd7 10. Qe2+ Ne7
11. Bg5 O-O 12. Bxd7 Qxd7 13. Bxe7 Bxe7 14. Qd2 Bf6 15. Nc3 Bxc3 16. bxc3 Rfe8+ 17. Ne2 Re5 18. O-O Qxd5 19. Qxd5 Rxd5 20. Rfd1 Rd6
21. Rxd6 cxd6 22. Rd1 e6 23. Rd7 b6 24. Rb7 Kf8 25. Nd4 a5 26. Rxb6 a4 27. b2 a3 28. a2 Ke7 29. g3 Rc8 30. Rb3 Ra8
31. Nb5 Ra5 32. Nxa3 Kf6 33. c4 d6 34. Nb5 Rxa2 35. Nxd6 Ra7 36. b4 Ke6 37. Ne8 g6 38. b5 f5 39. b6 Rb7 40. Nc7+ Kd7
41. Nd5 Kc6 42. Nf4 Rxb6 43. Rxb6+ Kxb6 44. Kg2 Kc6 45. Kh3 Kd6 46. Kh4 Ke7 47. Kg5 Kf7 48. Kh6 e5 49. Nh3 g7+ 50. Kg5 f6+
51. Kf5 g6+ 52. Ke4 Ke6 53. g4 f5+ 54. gxf5+ gxf5+ 55. Ke3 Kf6 56. Ng1 Kg6 57. e2 Kf6 58. d2 Ke6 59. c2 Kd5 60. h4 f4+
61. Ke2 Kd4 62. h5 e4 63. h6
1-0

[Event "Sideways Pawns: Testing Sideways Pawns"]
[Site "SchemingMind.com"]
[Date "2022.07.13"]
[Round "-"]
[White "Ilang"]
[Black "magier72"]
[Result "1-0"]
[WhiteCountry "HUN"]
[BlackCountry "GER"]
[WhiteElo "1772"]
[WhiteRD "127"]
[BlackElo "1490"]
[BlackRD "139"]
[GameID "725145"]

1. d4 Nf6 2. e3 d5 3. h3 e6 4. Nf3 Bd6 5. c4 Bb4+ 6. Bd2 Be7 7. cxd5 exd5 8. Nc3 c6 9. Bd3 Nbd7 10. O-O O-O
11. Re1 h6 12. e4 dxe4 13. Nxe4 Nxe4 14. Bxe4 Nf6 15. Bc2 Be6 16. Bc3 Nd5 17. Qd3 g6 18. Rxe6 Nf4 19. Rxe7 Nxd3 20. Re4 Nxb2
21. Bxb2 Qb6 22. Bb3 f6 23. Rae1 e6 24. Rg4 d6 25. d5
1-0

[Event "Sideways Pawns: Testing Sideways Pawns"]
[Site "SchemingMind.com"]
[Date "2022.07.13"]
[Round "-"]
[White "magier72"]
[Black "Ilang"]
[Result "0-1"]
[WhiteCountry "GER"]
[BlackCountry "HUN"]
[WhiteElo "1490"]
[WhiteRD "139"]
[BlackElo "1772"]
[BlackRD "127"]
[GameID "725146"]

1. d4 d5 2. e4 dxe4 3. Nc3 Nf6 4. f3 exf3 5. Nxf3 Bg4 6. h3 Bxf3 7. Qxf3 c6 8. g4 Qxd4 9. Be3 Qd6 10. Rd1 Qc7
11. g5 Nd5 12. Nxd5 cxd5 13. Qxd5 Nc6 14. Bb5 e6 15. Bxc6+ bxc6 16. Qf3 Be7 17. O-O O-O 18. Rd2 b7 19. a3 Ra5 20. h4 f6
21. Bf4 Qb6+ 22. Be3 Qc7 23. f5 Rd8 24. g4 Bc5 25. Rxd8+ Qxd8 26. b4 Bxe3+ 27. Qxe3 Re5 28. Qd3 Qxd3 29. cxd3 Re3
0-1

[Event "Sideways Pawns: Testing Sideways Pawns"]
[Site "SchemingMind.com"]
[Date "2022.07.08"]
[Round "-"]
[White "Ilang"]
[Black "emakis"]
[Result "1-0"]
[WhiteCountry "HUN"]
[BlackCountry "GRE"]
[WhiteElo "1863"]
[WhiteRD "184"]
[BlackElo "1694"]
[BlackRD "175"]
[GameID "725147"]

1. d4 d5 2. e3 c5 3. dxc5 Qa5+ 4. Nc3 Qxc5 5. Nf3 Nf6 6. Bb5+ Bd7 7. Bxd7+ Nbxd7 8. O-O e6 9. Re1 Be7 10. Qe2 O-O
11. a3 a6 12. b3 Rac8 13. Nd4 e5 14. Nf3 Rfd8 15. Rd1 Nb6 16. Rxd8+ Rxd8 17. Na4 Nxa4 18. Rxa4 d5 19. c3 Ne4 20. d3 Nf6
21. Nd4 Rc8 22. c3 Nd7 23. Ra1 Qb6 24. e4 e5 25. Nf3 f6 26. Be3 Qb5 27. Qd2 Nc5 28. Bxc5 Bxc5 29. Rd1 Rd8 30. g3 a5
31. Qc2 a4 32. d4 exd4 33. cxd4 Be7 34. Ra1 Ra8 35. a2 b4 36. Rc1 Ra3 37. Qc8+ Kf7 38. d5 Rxf3 39. Qxe6+ Kg6 40. Qg4+
1-0

[Event "Sideways Pawns: Testing Sideways Pawns"]
[Site "SchemingMind.com"]
[Date "2022.07.08"]
[Round "-"]
[White "emakis"]
[Black "Ilang"]
[Result "1/2-1/2"]
[WhiteCountry "GRE"]
[BlackCountry "HUN"]
[WhiteElo "1694"]
[WhiteRD "175"]
[BlackElo "1863"]
[BlackRD "184"]
[GameID "725148"]

1. d4 d5 2. c4 dxc4 3. e4 b4 4. Qa4+ c6 5. Qxb4 d6 6. Be3 Nc6 7. Qd2 Nf6 8. Nc3 Bd7 9. Nf3 e6 10. Be2 g6
11. e5 dxe5 12. dxe5 Nh5 13. d5 exd5 14. Nxd5 Be6 15. Nc3 Bb4 16. Nd4 Nxd4 17. Qxd4 Qxd4 18. Bxd4 O-O 19. O-O b6 20. a3 Bxc3
21. Bxc3 Nf4 22. Bf3 Bd5 23. Bxd5 Nxd5 24. Bd4 Rfd8 25. Rfd1 Rd7 26. Re1 Rad8 27. g3 f6 28. Re6 Rf7 29. Bc3 Nxc3 30. bxc3 Kf8
31. Rae1 Rc8 32. R1e3 Kg7 33. b3 c6 34. b4 b7 35. f4 Ra8 36. Kg2 Rb8 37. Kf3 h5 38. g4 hxg4+ 39. Kxg4 Rd8 40. Re8 Rxe8
41. Rxe8 Rd7 42. Rb8=
1/2-1/2

[Event "Sideways Pawns: Testing Sideways Pawns"]
[Site "SchemingMind.com"]
[Date "2022.07.08"]
[Round "-"]
[White "Ilang"]
[Black "David Perna-Fraser"]
[Result "1-0"]
[WhiteCountry "HUN"]
[BlackCountry "CAN"]
[WhiteElo "1823"]
[WhiteRD "117"]
[BlackElo "1782"]
[BlackRD "133"]
[GameID "725149"]

1. d4 Nf6 2. Nc3 e6 3. Bg5 h6 4. Bxf6 Qxf6 5. Nf3 Bb4 6. Qd2 Nc6 7. e3 a6 8. Be2 d5 9. a3 Bxc3 10. Qxc3 Bd7
11. O-O O-O 12. Rfc1 Rac8 13. Qb3 b5 14. a4 Na5 15. Qb4 Nc6 16. Qc5 b6 17. Qc3 bxa4 18. Rxa4 b7 19. Raa1 Na5 20. Qb4 a7
21. Ne5 Nc6 22. Nxc6 Bxc6 23. Rxa7 Rb8 24. Rc7 Ba8 25. Ra1 Qg6 26. Qd6 e5 27. f3 exd4 28. Qxd4 Rfd8 29. Qf4 f6 30. e4 Qg5
31. Qxg5 hxg5 32. Raa7 Rd2 33. Bd3 Rf8 34. Bc4 Kh7 35. Rxf7 Rxf7 36. Rxf7 Rxc2 37. b3 g4 38. Rf8 Bc6 39. Rc8 gxf3 40. gxf3 Bxe4
41. fxe4 Rd2 42. Rc6 b5 43. Bxb5 Rd4 44. Bc4 Rd2 45. b4 Kh6 46. e5 Rb2 47. b5 Kg5 48. e6
1-0

[Event "Sideways Pawns: Testing Sideways Pawns"]
[Site "SchemingMind.com"]
[Date "2022.07.08"]
[Round "-"]
[White "David Perna-Fraser"]
[Black "Ilang"]
[Result "1/2-1/2"]
[WhiteCountry "CAN"]
[BlackCountry "HUN"]
[WhiteElo "1855"]
[WhiteRD "148"]
[BlackElo "1772"]
[BlackRD "127"]
[GameID "725150"]

1. e4 e5 2. Nf3 d6 3. d4 exd4 4. Nxd4 e6 5. c3 Bc5 6. Be3 e5 7. Nf3 Qxd1+ 8. Kxd1 Bxe3 9. fxe3 f6 10. Bc4 Ne7
11. Ke2 Na6 12. Bxa6 bxa6 13. Nbd2 Bb7 14. Rhd1 O-O 15. g4 b6 16. g5 Nc8 17. gxf6 Rxf6 18. Nxe5 Nd6 19. d3 Re6 20. Nec4 Rg6
21. Nxd6 cxd6 22. Rg1 Rxg1 23. Rxg1 Rc8 24. Nc4 Bxe4 25. dxe4 Rxc4 26. Kd3 Rc7 27. Rf1 e6 28. d4 Rf7 29. Rxf7 Kxf7 30. Ke4 Ke7
31. Ke5 g6 32. h4 f6+ 33. Kf4 h6 34. h5 Kd6 35. e4 c6 36. b4 a6 37. a4 b6 38. c4 c6 39. b4 b6 40. c4 c6=
1/2-1/2

[Event "Sideways Pawns: Testing Sideways Pawns"]
[Site "SchemingMind.com"]
[Date "2022.07.09"]
[Round "-"]
[White "Ilang"]
[Black "DANDYLIONHONEYBADGER"]
[Result "1-0"]
[WhiteCountry "HUN"]
[BlackCountry "USA"]
[WhiteElo "1823"]
[WhiteRD "117"]
[BlackElo "1182"]
[BlackRD "126"]
[GameID "725151"]

1. d4 h6 2. e3 g6 3. Nf3 f6 4. h3 a6 5. c4 b6 6. a3 d5 7. cxd5 Qxd5 8. Nc3 Qd8 9. Be2 Nh6 10. e4 Nc6
11. Bb5 Bd7 12. d5 Ne5 13. Bxd7+ Qxd7 14. Nxe5 fxe5 15. f4 f5 16. e5 e6 17. dxe6 Qxe6 18. Nb5 Qc4 19. Qe2 Qxe2+ 20. Kxe2 O-O-O
21. Be3 Bc5 22. Rhc1 Bxe3 23. Kxe3 Kb8 24. Nxc7 Rc8 25. Nd5 Rxc1 26. Rxc1 Rc8 27. Rxc8+ Kxc8 28. Nxb6+ Kd8 29. Kd4 f6 30. exf6 gxf6
31. Nd5 Ng8 32. g4 fxg4 33. hxg4 e6 34. Nc3 Nf6 35. g5 Ng4 36. Ne4 Ke7 37. a4 Nh2 38. a5 Nf3+ 39. Kc5 Kd7 40. Kb6 c7+
41. Kb7 Nd4 42. g6 Nc6 43. g7 Nd8+ 44. Ka6 Nc6 45. g8=Q Nb4+ 46. Kb7 Nd5 47. Qf7+ Ne7 48. b4 c6 49. Nc5+ Kd6 50. Qxe6#
1-0

[Event "Sideways Pawns: Testing Sideways Pawns"]
[Site "SchemingMind.com"]
[Date "2022.07.10"]
[Round "-"]
[White "DANDYLIONHONEYBADGER"]
[Black "Ilang"]
[Result "0-1"]
[WhiteCountry "USA"]
[BlackCountry "HUN"]
[WhiteElo "1204"]
[WhiteRD "155"]
[BlackElo "1772"]
[BlackRD "127"]
[GameID "725152"]

1. h3 e5 2. g3 Nf6 3. f3 h6 4. a3 d5 5. b3 a6 6. d4 exd4 7. Qxd4 c5 8. Qe3+ Be7 9. Nh3 d4 10. Qd2 Nc6
11. c3 Bxh3 12. Rxh3 dxc3 13. bxc3 Qxd2+ 14. Bxd2 Rd8 15. e3 Nh7 16. f4 f5 17. Na3 Nf6 18. f3 Na5 19. Nc4 Nxb3 20. Ra3 Nxd2
21. Nxd2 Nd5 22. c4 Nb4 23. Kd1 Kf7 24. d3 g6 25. Rxh8 Rxh8 26. g3 g5 27. e4 g6 28. exf5 gxf5 29. Nf3 Rh1 30. Nd2 g4
31. Ke2 Bf6 32. Nb3 b6 33. h3 gxh3 34. gxh3 Rh2+ 35. Kd1 Nc2 36. Rxa6 Ne3+ 37. Kc1 Bb2+ 38. Kb1 Nd1 39. Ka2 Nc3#
0-1

[Event "Sideways Pawns: Testing Sideways Pawns"]
[Site "SchemingMind.com"]
[Date "2022.07.08"]
[Round "-"]
[White "Ilang"]
[Black "Thomas Jacob Kelly"]
[Result "1-0"]
[WhiteCountry "HUN"]
[BlackCountry "USA"]
[WhiteElo "1772"]
[WhiteRD "127"]
[BlackElo "1710"]
[BlackRD "134"]
[GameID "725153"]

1. d4 Nf6 2. e3 e6 3. Nc3 b6 4. Nf3 Nc6 5. Be2 Bb7 6. O-O Ne7 7. Ne5 Ng6 8. Nxg6 hxg6 9. Bf3 c6 10. b3 Bd6
11. e4 Bxh2+ 12. Kh1 Bc7+ 13. h2 Nd5 14. Nxd5 Qh4 15. Nxc7+ Kd8 16. Nxe6+ fxe6 17. Bg5+ Qxg5 18. Rg1 Qh4 19. Rg2 d6 20. Qd3 f7
21. Re1 Ke7 22. e5 c6 23. Kg1 Rh6 24. Qd2 Rah8 25. Re4 Qh3 26. Bg4 Qxg2+ 27. Kxg2 c5 28. Kf3 Rxh2 29. dxc5 Bxe4+ 30. Kxe4 c6
31. Qd6+ Ke8 32. Qb8+ Ke7 33. Qd6+ Ke8= 34. Ke3 g5 35. d2 f5 36. Bf3 R2h3 37. Ke2 R8h4 38. g2 Rh2 39. Qb8+ Ke7 40. Qxa7
1-0

[Event "Sideways Pawns: Testing Sideways Pawns"]
[Site "SchemingMind.com"]
[Date "2022.07.09"]
[Round "-"]
[White "Thomas Jacob Kelly"]
[Black "Ilang"]
[Result "0-1"]
[WhiteCountry "USA"]
[BlackCountry "HUN"]
[WhiteElo "1813"]
[WhiteRD "152"]
[BlackElo "1578"]
[BlackRD "158"]
[GameID "725154"]

1. e4 e5 2. Nf3 d6 3. d4 exd4 4. Nxd4 c5 5. Nf5 Bxf5 6. exf5 Qe7+ 7. Be3 Nc6 8. c3 Nf6 9. Be2 O-O-O 10. g5 Ne4
11. h4 Re8 12. Na3 a6 13. Rh3 h6 14. Bg4+ Kb8 15. h5 Ne5 16. Bf5 Nc6 17. Qb3 Qc7 18. Bxe4 Rxe4 19. O-O-O Re6 20. Bf4 Be7
21. Rf3 Rd8 22. g5 hxg5 23. hxg5 Ne5 24. Bxe5 dxe5 25. Rxd8+ Bxd8 26. f5 Rc6 27. Qc4 b5 28. Qg4 Bf6 29. Nb1 Rc4 30. Qh5 Rh4
0-1

[Event "Sideways Pawns: Testing Sideways Pawns"]
[Site "SchemingMind.com"]
[Date "2022.07.11"]
[Round "-"]
[White "surfnsuds"]
[Black "Manfred Kraut"]
[Result "0-1"]
[WhiteCountry "USA"]
[BlackCountry "GER"]
[WhiteElo "1009"]
[WhiteRD "146"]
[BlackElo "1292"]
[BlackRD "153"]
[GameID "725155"]

1. d4 g6 2. e4 d6 3. c4 Bg7 4. d5 Nf6 5. f4 O-O 6. Be2 c6 7. e5 dxe5 8. fxe5 Qxd1+ 9. Kxd1 Ne4 10. Nh3 Bxh3
11. gxh3 Nxf2+ 12. Ke1 Nxh1 13. Kf1 Bxe5 14. d4 Bxd4 15. Bf4 Bxb2 16. Bc4 Bxa1 17. Bd2 Bd4 18. Bc3 Bxc3 19. Nxc3 b5 20. Be2 Nd7
21. Ne4 f5 22. Ng5 f4 23. Bf3 e4 24. Nxe4 Rxf3+ 25. Kg2 Re3
0-1

[Event "Sideways Pawns: Testing Sideways Pawns"]
[Site "SchemingMind.com"]
[Date "2022.07.08"]
[Round "-"]
[White "Manfred Kraut"]
[Black "surfnsuds"]
[Result "1-0"]
[WhiteCountry "GER"]
[BlackCountry "USA"]
[WhiteElo "1267"]
[WhiteRD "137"]
[BlackElo "985"]
[BlackRD "142"]
[GameID "725156"]

1. e4 e5 2. Nf3 d6 3. d4 f5 4. exf5 Bxf5 5. Bc4 e6 6. Bg5 Be7 7. Bxe7 Nxe7 8. O-O d7 9. c3 d5 10. Bd3 Bxd3
11. Qxd3 c7 12. Na3 f6 13. Qb5+ Nbc6 14. c4 Rb8 15. Qa4 Rb4 16. Qc2 Qb8 17. b3 c5 18. dxc5 Ne5 19. Nxe5 fxe5 20. Rfd1 Kf7
21. Qc3 d5 22. b5 c5 23. Qf3+ f6 24. Qh5+ Kf8 25. Qxc5 a5 26. Rd7 Qe8 27. Rxc7 Kf7 28. Re1 e6 29. Qh5+ g6 30. Qe5 Qd8
31. Qxe6+ Kg7 32. Rxe7+ Kf8 33. Qf7#
1-0

[Event "Sideways Pawns: Testing Sideways Pawns"]
[Site "SchemingMind.com"]
[Date "2022.07.11"]
[Round "-"]
[White "JPT"]
[Black "Manfred Kraut"]
[Result "1-0"]
[WhiteCountry "INT"]
[BlackCountry "GER"]
[WhiteElo "1315"]
[WhiteRD "162"]
[BlackElo "1374"]
[BlackRD "198"]
[GameID "725157"]

1. e4 c5 2. Nf3 Nc6 3. Bb5 a6 4. Bxc6 bxc6 5. O-O b5 6. d4 g6 7. Nbd2 Bg7 8. c3 d6 9. c2 Rb8 10. Rb1 Nf6
11. e5 dxe5 12. Nxe5 Qb6 13. Ndf3 O-O 14. c4 Ne4 15. Qe1 Bf5 16. d3 Bxe5 17. dxe4 Bxe4 18. Qxe4 Qc7 19. Qxe5 Qa5 20. Bb2 Qxa2
21. Qg7#
1-0

[Event "Sideways Pawns: Testing Sideways Pawns"]
[Site "SchemingMind.com"]
[Date "2022.07.08"]
[Round "-"]
[White "Manfred Kraut"]
[Black "JPT"]
[Result "1-0"]
[WhiteCountry "GER"]
[BlackCountry "INT"]
[WhiteElo "1374"]
[WhiteRD "198"]
[BlackElo "1315"]
[BlackRD "162"]
[GameID "725158"]

1. d4 d5 2. Nf3 Nc6 3. e3 Nf6 4. Bd3 Bg4 5. O-O Ne4 6. Nbd2 Nxd2 7. Bxd2 e6 8. Be2 Bxf3 9. Bxf3 Bd6 10. b3 O-O
11. c4 dxc4 12. bxc4 Qh4 13. g3 Qh3 14. c5 Be7 15. Bg4 Qh6 16. a4 Rfb8 17. e4 Qg6 18. d5 exd5 19. exd5 Bf6 20. Rb1 Ne5
21. Bh5 Qe4 22. Be3 d7 23. Re1 Qd3 24. Qxd3 Nxd3 25. Re2 Ne5 26. Bf4 Re8 27. Rxb7 g6 28. Bxe5
1-0

[Event "Sideways Pawns: Testing Sideways Pawns"]
[Site "SchemingMind.com"]
[Date "2022.07.11"]
[Round "-"]
[White "Ilang"]
[Black "Manfred Kraut"]
[Result "1-0"]
[WhiteCountry "HUN"]
[BlackCountry "GER"]
[WhiteElo "1863"]
[WhiteRD "184"]
[BlackElo "1374"]
[BlackRD "198"]
[GameID "725159"]

1. d4 g6 2. c3 Bg7 3. e4 d6 4. Nf3 Nf6 5. e5 dxe5 6. Nxe5 O-O 7. Be2 Be6 8. Bf3 Nbd7 9. Nxd7 Qxd7 10. Bxb7 Rab8
11. Bf3 Bc4 12. Na3 Ba6 13. c4 Rfd8 14. O-O Qxd4 15. Qxd4 Rxd4 16. Be3 Rdd8 17. b3 Bb7 18. Bxb7 Rxb7 19. Rad1 Rxd1 20. Rxd1 c6
21. Rd8+ Bf8 22. Bc5 Nd7 23. Bxe7 Rb8 24. Rxd7 Bxe7 25. Rxe7 a5 26. g3 Kf8 27. Ra7
1-0

[Event "Sideways Pawns: Testing Sideways Pawns"]
[Site "SchemingMind.com"]
[Date "2022.07.08"]
[Round "-"]
[White "Manfred Kraut"]
[Black "Ilang"]
[Result "0-1"]
[WhiteCountry "GER"]
[BlackCountry "HUN"]
[WhiteElo "1374"]
[WhiteRD "198"]
[BlackElo "1863"]
[BlackRD "184"]
[GameID "725160"]

1. e4 e6 2. Nc3 Nc6 3. d4 Bb4 4. d5 exd5 5. a3 Bxc3+ 6. bxc3 dxe4 7. Bb2 Nf6 8. Bc4 O-O 9. b3 Re8 10. Ne2 d5
11. Bb5 Bd7 12. Nd4 Nxd4 13. Bxd7 Nxd7 14. Qxd4 Qg5 15. O-O c5 16. Qe3 Qf5 17. f4 d4 18. Qg3 e3 19. Rac1 Nf6 20. a4 Ne4
21. Qe1 Nd2 22. b4 Nxf1 23. Qxf1 e2 24. Qe1 Qxf4 25. Ra1 Qe3+ 26. Kh1 cxb4 27. Rd1 exd1=Q
0-1

[Event "Sideways Pawns: Testing Sideways Pawns"]
[Site "SchemingMind.com"]
[Date "2022.07.11"]
[Round "-"]
[White "Manfred Kraut"]
[Black "Abstract Actuary"]
[Result "1-0"]
[WhiteCountry "GER"]
[BlackCountry "USA"]
[WhiteElo "1374"]
[WhiteRD "198"]
[BlackElo "1504"]
[BlackRD "190"]
[GameID "725161"]

1. d4 e6 2. Nf3 d5 3. e3 c5 4. c4 Nc6 5. Bd3 Bd7 6. O-O Bd6 7. b3 Nf6 8. Bb2 O-O 9. e4 dxe4 10. Bxe4 Nxe4
11. Nbd2 Nxd2 12. Qxd2 Ne7 13. Qxd6
1-0

[Event "Sideways Pawns: Testing Sideways Pawns"]
[Site "SchemingMind.com"]
[Date "2022.07.12"]
[Round "-"]
[White "Abstract Actuary"]
[Black "Manfred Kraut"]
[Result "1-0"]
[WhiteCountry "USA"]
[BlackCountry "GER"]
[WhiteElo "1637"]
[WhiteRD "135"]
[BlackElo "1267"]
[BlackRD "137"]
[GameID "725162"]

1. e4 c5 2. d4 cxd4 3. c3 dxc3 4. Nxc3 g6 5. Bc4 Bg7 6. Nf3 d6 7. Qe2 Nf6 8. O-O O-O 9. Rd1 Nbd7 10. Bf4 a6
11. Rac1 b5 12. Bb3 e5 13. Bg3 Nc5 14. Bxe5 Nxb3 15. axb3 Bb7 16. Bxd6 Re8 17. e5 Ng4 18. Bf8 Qxd1+ 19. Rxd1 Kxf8 20. h3 Bxf3
21. Qxf3 Nxe5 22. Qb7 Rad8 23. Rxd8 Rxd8 24. Qxa6 Rd2 25. Qxb5 Rxb2 26. Nd5 Bh6 27. Qb8+ Kg7 28. Qxe5+
1-0

[Event "Sideways Pawns: Testing Sideways Pawns"]
[Site "SchemingMind.com"]
[Date "2022.07.13"]
[Round "-"]
[White "Manfred Kraut"]
[Black "magier72"]
[Result "0-1"]
[WhiteCountry "GER"]
[BlackCountry "GER"]
[WhiteElo "1267"]
[WhiteRD "137"]
[BlackElo "1490"]
[BlackRD "139"]
[GameID "725163"]

1. d4 d5 2. Nf3 Nf6 3. e3 e6 4. Bd3 c5 5. dxc5 Bxc5 6. O-O d6 7. b3 O-O 8. Bb2 Nbd7 9. Nbd2 c6 10. Ng5 h6
11. Bxf6 Nxf6 12. Nde4 Nxe4 13. Nxe4 c7 14. Qh5 b6 15. Nxc5 dxc5 16. f4 g6 17. Qe2 f5 18. Qf3 b7 19. Bc4+ f7 20. Qg3 d5
21. Be2 Qf6 22. c4 c5 23. Bf3 c6 24. e4 Qd4+ 25. Qf2 fxe4 26. Be2 Bf5 27. g4 Be6 28. Qxd4 cxd4 29. g5 e7 30. Rxf8+ Rxf8
31. h3 c5 32. Rf1 Rxf1+ 33. Kxf1 Kg7 34. Bd1 f6 35. gxf6+ exf6 36. g4 Kg6 37. Kg2 d3 38. Kg3 d5 39. cxd5 Bxd5 40. h4 e3
41. h5+ Kg5
0-1